Generatívny konštrukčný návrh vonkajšej plochy športového elektromobilu

Guardado en:
Detalles Bibliográficos
Autor principal: Lonek, Samo (Autor)
Otros Autores: Gulanová, Jana (Orientador)
Formato: Manuscrito Libro
Lenguaje:eslovaco
Publicado: 2017
Materias:
Acceso en línea:http://is.stuba.sk/zp/portal_zp.pl?podrobnosti=133365
Etiquetas: Agregar Etiqueta
Sin Etiquetas, Sea el primero en etiquetar este registro!

MARC

LEADER 00000ntm a22000003a 4500
001 stuzp63656
003 SK-STU
005 20170624212825.8
007 ta
008 150427s2015----xo-----f-mn---000-0-slo-d
040 |a STU  |b slo 
041 0 |a slo 
100 1 |a Lonek, Samo  |u 020030  |4 aut  |U SjF Strojnícka fakulta  |T SjF Ústav dopravnej techniky a konštruovania  |X 55534  |U J0030  |Y 806  |7 55534 
242 0 1 |a Generative design of sport electro mobile’s exterior surfaces  |y eng 
245 1 0 |a Generatívny konštrukčný návrh vonkajšej plochy športového elektromobilu 
260 |c 2017 
650 4 |a Generatívne konštruovanie  |2 slo 
650 4 |a blatník  |2 slo 
650 4 |a CATIA  |2 slo 
650 4 |a karoséria  |2 slo 
650 4 |a B-plocha  |2 slo 
650 4 |a A-plocha  |2 slo 
650 4 |a Generative design  |2 eng 
650 4 |a A-Surface  |2 eng 
650 4 |a B-Surface  |2 eng 
650 4 |a vehicle body  |2 eng 
650 4 |a fender  |2 eng 
650 4 |a CATIA  |2 eng 
700 1 |a Gulanová, Jana  |u 020030  |k Z1  |4 ths  |U SjF Strojnícka fakulta  |T SjF Ústav dopravnej techniky a konštruovania  |X 48878  |U J0030  |Y 806  |7 A000048878 
856 4 |u http://is.stuba.sk/zp/portal_zp.pl?podrobnosti=133365 
996 |b 284J045217  |c J* DDP/2287  |l JJSK  |s A  |a 24  |w stuzp63656_0001